| 000 | 00410nam a2200169Ia 4500 | ||
|---|---|---|---|
| 003 | 0100 | ||
| 005 | 20150523020006.0 | ||
| 008 | 130303s9999 xx 000 0 und d | ||
| 040 | _cARRUPELIB | ||
| 050 | _aLC191.F76131973 | ||
| 100 |
_aFreire, Paulo _917700 |
||
| 245 | _aEducation for Critical Consciousness | ||
| 260 | _aLondon | ||
| 260 | _bSheed Ward | ||
| 300 | _a164p | ||
| 942 | 0 | 0 |
_013 _2lcc _cMONOGRAPH |
| 999 |
_c30910 _d30910 |
||